[Event "Pupillettes"]
[Site "?"]
[Date "2014.03.04"]
[Round "7.4"]
[White "Thoraval, Marie"]
[Black "Hoffman, Marion"]
[Result "1-0"]
[WhiteElo "1540"]
[BlackElo "1160"]
[PlyCount "87"]
[EventDate "2014.03.01"]
[SourceDate "2014.03.01"]

1. d4 d5 2. c4 Nf6 3. Nc3 e6 4. Nf3 Nc6 5. e3 Bb4 6. Be2 O-O 7. O-O Bxc3 8.
bxc3 Ne4 9. Qc2 Bd7 10. cxd5 exd5 11. Bd3 Bf5 12. Nd2 Re8 13. f3 Nxd2 14. Bxd2
Bxd3 15. Qxd3 Qd7 16. e4 dxe4 17. fxe4 Re7 18. Rab1 b6 19. Qf3 Rf8 20. Bc1 f5
21. Ba3 Ref7 22. Bxf8 Rxf8 23. Rbd1 Qe6 24. d5 Qd6 25. dxc6 Qxc6 26. exf5 Qc5+
27. Kh1 g6 28. Qd5+ Qxd5 29. Rxd5 gxf5 30. Rdxf5 Re8 31. Rf7 c5 32. Rxa7 b5 33.
Rd1 Kf8 34. h3 b4 35. cxb4 c4 36. Rc7 Re4 37. Rd8+ Re8 38. Rxe8+ Kxe8 39. Rxc4
Kf8 40. Rc7 Kg8 41. b5 h5 42. b6 h4 43. b7 Kf8 44. b8=Q# 1-0